Statistics for Low Fertility Rate by Continent

Click here to take the quiz!

General Stats

  • This quiz has been taken 59 times
    (48 since last reset)
  • The average score is 22 of 30

Answer Stats

HintAnswer% Correct
Oceania1.832Australia
89%
South America1.765Chile
89%
Asia1.218Taiwan
89%
South America1.979Uruguay
89%
South America2.268Argentina
86%
North America1.563Canada
86%
South America1.827Colombia
86%
Oceania1.974New Zealand
86%
Asia1.323South Korea
86%
South America1.705Brazil
84%
Oceania2.482Fiji
82%
Asia1.478Japan
82%
Africa2.414South Africa
82%
Asia1.260Singapore
77%
Africa2.257Seychelles
75%
North America1.755Bahamas
73%
North America1.716Cuba
73%
Africa1.433Mauritius
73%
Europe1.302Greece
70%
Oceania2.210Palau
68%
Europe1.241Portugal
66%
Oceania2.950Tuvalu
66%
Africa2.208Libya
64%
North America1.730Trinidad and Tobago
64%
Africa2.147Tunisia
61%
Europe1.290Poland
59%
North America1.444St. Lucia
59%
Europe1.230Moldova
55%
Europe1.337Cyprus
43%
Asia1.458Thailand
34%

Score Distribution

Percentile by Number Answered

Percent of People with Each Score

Your Score History

You have not taken this quiz since the last reset